Statistics for Random country flags

Click here to take the quiz!

General Stats

  • This quiz has been taken 27 times
  • The average score is 16 of 16

Answer Stats

Answer% Correct
Australia
100%
Brazil
100%
Canada
100%
China
100%
France
100%
Germany
100%
India
100%
Ireland
100%
Mexico
100%
Spain
100%
United Kingdom
100%
United States
100%
Italy
96%
South Africa
96%
Israel
93%
Russia
89%

Score Distribution

Percentile by Number Answered

Percent of People with Each Score

Your Score History

You have not taken this quiz